| 000 | 00488nam a2200205Ia 4500 | ||
|---|---|---|---|
| 001 | 13888 | ||
| 003 | GE_BSU | ||
| 008 | 181216s||||||||xx |||||||||||||| ||und|| | ||
| 020 | _a100141031662 | ||
| 040 | _cGE_BSU | ||
| 080 | _a821.111-3 | ||
| 100 | _aJewell,Lisa. | ||
| 245 | _aVince and Joy.The love story a lifetime. | ||
| 260 | _aLondon. | ||
| 260 | _bPenguin Books. | ||
| 260 | _c2005 | ||
| 300 | _a274p;18cm. | ||
| 653 | _aVince and Joy.The love story a lifetime. | ||
| 942 | _cBK | ||
| 999 |
_c47032 _d47032 |
||